000 00413nam a2200181Ia 4500
008 230524s9999 xx 000 0 und d
020 _a9789380358512
082 _bPAN
100 _aDr.N.C.Pandya
245 0 _aMachines Design
250 _a12
260 _aGujarat
_bCharotar
_c2012
300 _a1063p;
500 _aQuantity Number: 10
650 _aMechanics
700 _aDr. C.S.Shah
942 _cBK
999 _c53519
_d53519